• 首页
  • 本馆介绍
  • 公告通知
  • 最新文献
  • 馆藏检索
  • 电子资源
  • 读者导购
  • 参考咨询
  • 我的图书馆
  • 登录
  • 详细信息显示
  • 放入我的书架
  • 预约/预借图书
  • 作者相关作品
  • 分类相关作品
  • 丛书相关作品
  • 出版社相关作品

书目信息

  • 表格格式
  • 工作单格式
  • 卡片格式
题名:
全真模拟预测试卷
    
 
作者: 李永新 主编
分册:  
出版信息: 北京   人民日报出版社  2007
页数: 404页
开本: 29cm
丛书名:
单 册:
中图分类: D630.3-44
科图分类:
主题词: 政治--中国
电子资源:
ISBN: 7-80208-540-3
000 00807nam0 2200241 450
001 0835976914
005 20081016100252.09
010    @a7-80208-540-3@dCNY37.00
100    @a20081016d2007 km y0chiy0120 ea
101 0  @achi
102    @aCN@b110000
200 1  @a全真模拟预测试卷@Aquan zhen mo ni yu ce shi juan@e行政职业能力测验@f李永新主编@Fli yong xin zhu bian
210    @a北京@c人民日报出版社@d2007
215    @a404页@d29cm
300    @a国家公务员录用考试专业教材
300    @a2009最新版
300    @a本书适用于国家及各省市公务员、事业单位、军转干招考
517 1  @a行政职业能力测验@Axing zheng zhi ye neng li ce yan
606 0  @a政治@x中国
690    @aD630.3-44@v4
701  0 @a李永新@Ali yong xin@4主编
801  0 @aCN@b大连网信软件有限公司图书馆·11@c20081016
905    @aZUCC@dD630.3-44@e136
    
    全真模拟预测试卷:行政职业能力测验/李永新主编.-北京:人民日报出版社,2007
    404页;29cm
    国家公务员录用考试专业教材.-2009最新版.-本书适用于国家及各省市公务员、事业单位、军转干招考
    
    ISBN 7-80208-540-3:CNY37.00
    
●
相关链接 在E读中查询图书 在五车中查询图书 在当当中查询图书 在豆瓣中查询图书


正题名:全真模拟预测试卷     索取号:D630.3-44/136         预约/预借

序号 登录号 条形码 馆藏地/架位号 状态 备注
1 0626712   206267127   第一样本阅览室/ [索取号:D630.3-44/136] 在馆    
2 0626713   206267136   第一借阅区/ [索取号:D630.3-44/136] 在馆    
3 0626714   206267145   第一借阅区/ [索取号:D630.3-44/136] 在馆    
4 0626715   206267154   第一借阅区/ [索取号:D630.3-44/136] 在馆    
唐山师范学院图书馆 欢迎您!
大连网信软件有限公司© 版权所有